The Cambridge Paperback Encyclopedia (Record no. 7056)

MARC details
000 -LEADER
fixed length control field 00395nam a2200157Ia 4500
003 - CONTROL NUMBER IDENTIFIER
control field GBCCL
005 - DATE AND TIME OF LATEST TRANSACTION
control field 20241126110618.0
008 - FIXED-LENGTH DATA ELEMENTS--GENERAL INFORMATION
fixed length control field 180706b ||||| |||| 00| 0 eng d
040 ## - CATALOGING SOURCE
Transcribing agency GBC
082 ## - DEWEY DECIMAL CLASSIFICATION NUMBER
Classification number 030
Item number CAM
245 ## - TITLE STATEMENT
Title The Cambridge Paperback Encyclopedia
260 ## - PUBLICATION, DISTRIBUTION, ETC.
Date of publication, distribution, etc. 2000.
Place of publication, distribution, etc. New Delhi:
Name of publisher, distributor, etc. Foundation Books,
300 ## - PHYSICAL DESCRIPTION
Extent viii + 1071p.
650 ## - SUBJECT ADDED ENTRY--TOPICAL TERM
Topical term or geographic name entry element Encyclopedia
9 (RLIN) 12496
942 ## - ADDED ENTRY ELEMENTS (KOHA)
Source of classification or shelving scheme Dewey Decimal Classification
Koha item type Reference Books
Holdings
Withdrawn status Lost status Source of classification or shelving scheme Damaged status Not for loan Home library Current Library Shelving location Date acquired Total checkouts Full call number Barcode Date last seen Copy number Price effective from Koha item type
    Dewey Decimal Classification     GRACE BIBLE COLLEGE GRACE BIBLE COLLEGE Encyclopedia 2018-07-06   030 CAM 005743 2025-05-01 c.1 2018-07-06 Reference Books
© Grace Bible College Library 2025